The on-time, on-target manager : how a 'last-minute manager' conquered procrastination

Bibliographic Details
Main Author: Blanchard, Ken
Other Authors: Gottry, Steve
Format: Book
Published: London : HaperCollins Publishers , 2004
Subjects:

MARC

LEADER 00000cam a2200000 7i4500
001 0000017929
005 20080605.0
008 080529
020 |a 0007190352 
090 0 0 |a 658.068   |b BLA 
100 1 |a Blanchard, Ken 
245 1 4 |a The on-time, on-target manager :   |b how a 'last-minute manager' conquered procrastination   |c Ken Blanchard, Steve Gottry 
260 |a London :   |b HaperCollins Publishers ,   |c 2004 
650 0 |a Management 
700 1 |a Gottry, Steve 
999 |a 0001017209   |b Book   |c Adult Collection   |e Perbadanan Perpustakaan Awam Johor